| 000 | 00531cam a2200205ua 4500 | ||
|---|---|---|---|
| 020 | _c46.25 | ||
| 041 |
_aeng _h |
||
| 082 |
_a628.11 _bFAI/EL |
||
| 100 | _aFair, Gordon Maskew . | ||
| 245 |
_aElements of water supply and waste water disposal / _cGordon Maskew Fair. _hTextual Documents |
||
| 250 |
_a1 / _b. |
||
| 260 |
_a : _bJohn Wiley & Sons , _c1961. |
||
| 300 | _a615 ; . | ||
| 365 | _a46.25 | ||
| 504 | _a | ||
| 700 | 1 | _aGeyer, John charles . | |
| 942 | _cBK | ||
| 999 |
_c1564 _d1564 |
||